<?xml version="1.0" encoding="UTF-8"?><?xml-stylesheet type="text/xsl" href="static/style.xsl"?><OAI-PMH xmlns="http://www.openarchives.org/OAI/2.0/" xmlns:xsi="http://www.w3.org/2001/XMLSchema-instance" xsi:schemaLocation="http://www.openarchives.org/OAI/2.0/ http://www.openarchives.org/OAI/2.0/OAI-PMH.xsd"><responseDate>2026-04-28T19:25:52Z</responseDate><request verb="GetRecord" identifier="oai:uvadoc.uva.es:10324/37982" metadataPrefix="marc">https://uvadoc.uva.es/oai/request</request><GetRecord><record><header><identifier>oai:uvadoc.uva.es:10324/37982</identifier><datestamp>2021-06-30T01:32:26Z</datestamp><setSpec>com_10324_38</setSpec><setSpec>col_10324_852</setSpec></header><metadata><record xmlns="http://www.loc.gov/MARC21/slim" xmlns:doc="http://www.lyncode.com/xoai" xmlns:xsi="http://www.w3.org/2001/XMLSchema-instance" xmlns:dcterms="http://purl.org/dc/terms/" xsi:schemaLocation="http://www.loc.gov/MARC21/slim http://www.loc.gov/standards/marcxml/schema/MARC21slim.xsd">
<leader>00925njm 22002777a 4500</leader>
<datafield tag="042" ind1=" " ind2=" ">
<subfield code="a">dc</subfield>
</datafield>
<datafield tag="720" ind1=" " ind2=" ">
<subfield code="a">Puente Delgado, Roberto de la</subfield>
<subfield code="e">author</subfield>
</datafield>
<datafield tag="260" ind1=" " ind2=" ">
<subfield code="c">2019</subfield>
</datafield>
<datafield tag="520" ind1=" " ind2=" ">
<subfield code="a">El proyecto de ingeniería presente recoge todos los documentos necesarios para la puesta en marcha y funcionamiento de una industria de transformación de champiñones crudos a congelados en el polígono industrial San Antolín de Palencia.&#xd;
El procesado de esta materia prima tiene que ser rápido y cuidadoso ya que es un producto que se deteriora muy rápidamente desde que se le extrae de la tierra. Por lo tanto, la conservación de la materia prima como del producto acabado son los puntos más críticos del proceso.&#xd;
La elección de este tipo de industria viene determinada por dos motivos, en la comunidad hay pocas empresas dedicadas a este hongo y es un alimento del cual su venta en Europa tiene una tendencia ascendente desde hace 10 años. El valor nutricional y la elaboración del producto semiterminado se adecuan favorablemente a los hábitos de consumo de la población Española.</subfield>
</datafield>
<datafield tag="024" ind2=" " ind1="8">
<subfield code="a">http://uvadoc.uva.es/handle/10324/37982</subfield>
</datafield>
<datafield tag="245" ind1="0" ind2="0">
<subfield code="a">Proyecto de industria de transformación de champiñones (Agaricus bisporus) en el polígono Industrial San Antolín (Palencia)</subfield>
</datafield>
</record></metadata></record></GetRecord></OAI-PMH>